Синтез диоксида титана плазмодинамическим методом с помощью коаксиального магнитоплазменного ускорителя; Функциональные материалы: разработка, исследование, применение

Xehetasun bibliografikoak
Parent link:Функциональные материалы: разработка, исследование, применение.— 2014.— [С. 48]
Egile nagusia: Крючкова М. А.
Erakunde egilea: Национальный исследовательский Томский политехнический университет
Beste egile batzuk: Сивков А. А. Александр Анатольевич (научный руководитель)
Gaia:Заглавие с титульного экрана
Hizkuntza:errusiera
Argitaratua: 2014
Saila:Методы исследования и изготовления функциональных материалов
Gaiak:
Sarrera elektronikoa:http://earchive.tpu.ru/handle/11683/70058
http://www.lib.tpu.ru/fulltext/c/2014/C96/046.pdf
Formatua: Baliabide elektronikoa Liburu kapitulua
KOHA link:https://koha.lib.tpu.ru/cgi-bin/koha/opac-detail.pl?biblionumber=611590

MARC

LEADER 00000naa2a2200000 4500
001 611590
005 20251121145744.0
035 |a (RuTPU)RU\TPU\conf\9386 
035 |a RU\TPU\conf\9351 
090 |a 611590 
100 |a 20150403d2014 k y0rusy50 ca 
101 0 |a rus 
102 |a RU 
105 |a y z 101zy 
135 |a drgn ---uucaa 
181 0 |a i  
182 0 |a b 
200 1 |a Синтез диоксида титана плазмодинамическим методом с помощью коаксиального магнитоплазменного ускорителя  |f М. А. Крючкова  |g науч. рук. А. А. Сивков 
203 |a Текст  |c электронный 
225 1 |a Методы исследования и изготовления функциональных материалов 
300 |a Заглавие с титульного экрана 
337 |a Adobe Reader 
463 0 |0 (RuTPU)RU\TPU\conf\9214  |t Функциональные материалы: разработка, исследование, применение  |o сборник тезисов докладов II Всероссийского конкурса научных докладов студентов, г.Томск, г.Тамбов, 22-23 мая 2014 г.  |f Национальный исследовательский Томский политехнический университет (ТПУ) ; Национальный исследовательский Томский государственный университет (ТГУ) ; Тамбовский государственный университет имени Г. Р. Державина ; ред. кол. А. Ю. Годымчук ; И. А. Курзина ; А. А. Гусев  |v [С. 48]  |d 2014 
610 1 |a труды учёных ТПУ 
610 1 |a электронный ресурс 
610 1 |a синтез 
610 1 |a диоксид титана 
610 1 |a плазмодинамические методы 
610 1 |a магнитоплазменные ускорители 
610 1 |a ультрадисперсные порошки 
610 1 |a рентгеновская микроскопия 
610 1 |a электронная микроскопия 
610 1 |a нанопорошки 
610 1 |a плазмодинамический синтез 
700 1 |a Крючкова  |b М. А. 
702 1 |a Сивков  |b А. А.  |c специалист в области электроэнергетики  |c профессор Томского политехнического университета, доктор технических наук  |f 1951-  |g Александр Анатольевич  |4 727 
712 0 2 |a Национальный исследовательский Томский политехнический университет  |c (2009- )  |9 26305 
801 2 |a RU  |b 63413507  |c 20220315  |g RCR 
856 4 |u http://earchive.tpu.ru/handle/11683/70058 
856 4 |u http://www.lib.tpu.ru/fulltext/c/2014/C96/046.pdf 
942 |c BK